| 000 | 010600am a2200241 004500 | ||
|---|---|---|---|
| 003 | EG-GiCUC | ||
| 008 | 081224s2002 sj g 000 0 ara d | ||
| 040 |
_aEG-GiCUC _bara _cEG-GiCUC |
||
| 043 | _af-sj--- | ||
| 092 | 0 | 4 |
_a320.9624 _bI83 _221 |
| 099 |
_a04 _a320.9624 I83 |
||
| 100 | 1 |
_aاسماعيل : مصطفى عثمان : _d1955- |
|
| 245 | 1 | 0 |
_aحتى لا يستأسد اصحاب الغيرة المدعاة: _bمرافعات وحقائق مجردة حول موقف السودان من جيش الرب وموقف يوغندا فى الدورة السابعة والخمسين-جنيف/ _cمصطفى عثمان اسماعيل |
| 260 |
_aالسودان: _bدار الاصالة للنشر: _c2002 |
||
| 300 |
_a94ص؛ _c20سم |
||
| 651 | 7 |
_aالسودان _xاحوال سياسية _2qrmak |
|
| 651 | 7 |
_aالسودان _xالعلاقات الخارجية _2qrmak |
|
| 902 | _a1 | ||
| 905 |
_aجيهان _eمراجع |
||
| 905 |
_aرضا _eمدخل |
||
| 942 |
_2ddc _cBK |
||
| 999 |
_c110908 _d110908 |
||